000 00693nam a22002057a 4500
999 _c2707
_d2707
003 AR-CdUCM
008 190305b ||||| |||| 00| 0 esp d
020 _aISBN
040 _aMUNICIPALIDAD PROVINCIAL DEL CUSCO
_cBIBLIOTECA MUNICIPAL DEL CUSCO
082 _a861.4 /
_bM17
100 _aMailer, Norman
_99490
245 _aAntología Mínima de Norman Mailer /
260 _aBuenos Aires ;
_bTalleres Garamond,
_c1969.
300 _a131 paginas ;
_c17 .cm
505 _aArgumento revigorizado -- Arte de la literatura de ficción -- Tiempo de su tiempo.
650 _aDinamica de letras
_99491
650 _aUn reportaje de Paris
_99492
942 _2ddc
_cLIBROS
945 _aacrt
_d2019-03-05